| 000 | 00545nam a2200145Ia 4500 | ||
|---|---|---|---|
| 008 | 140724s9999 xx 000 0 und d | ||
| 050 |
_aP 90 _b.Al325 2007 |
||
| 100 | _aAlba, Marsha Jane A. | ||
| 245 |
_aFactors affecting the perception and appreciation of select Mass Communication Students on independent films / _cMarsha Jane A. Alba. |
||
| 260 |
_aLas PiƱas, Philippines : _bSouthville International School and Colleges, _cc2007. |
||
| 300 |
_a85 p. : _bill. ; _c28 cm. |
||
| 521 | _aMass Communication | ||
| 942 | _cTH | ||
| 999 |
_c228861 _d228861 |
||